000 00719nam a2200217 i 4500
001 98867
003 ES-MaACL
005 20230906182409.0
007 t|
008 950915s1883 sp |||| | spa d
040 _aCAM
_bspa
_cCAM
080 _a821.134.2 Echegaray, José.09
100 1 _aEchegaray, José,
_d1832-1916
_946526
245 1 0 _aNotas al estudio trágico en tres actos y en verso titulado Un milagro en Egipto /
_cpor José Echegaray.
250 _a2ª ed.
260 _aMadrid :
_b[Hijos de A. Gullón],
_c1883 (
_fImp. de Cosme Rodríguez)
300 _a104 p. ;
_c20 cm.
740 3 2 _aUn milagro en Egipto.
852 _aES-MaACL
_jB-3096(5)
_z.- Enc. en un vol. facticio
999 _c98867
_d98867